Textes et documents d' histoire : l' epoque contemporaine (1871-1914)

Αποθηκεύτηκε σε:
Λεπτομέρειες βιβλιογραφικής εγγραφής
Κύριος συγγραφέας: Preclin, Edmond
Άλλοι συγγραφείς: Renouvin, Pierre, 1893-1974
Μορφή: Βιβλίο
Γλώσσα:French
Δημοσίευση: Paris : Presses Universitaires de France, 1939
Σειρά:Clio (Series : Paris, France)
Θέματα:
Ετικέτες: Προσθήκη ετικέτας
Δεν υπάρχουν, Καταχωρήστε ετικέτα πρώτοι!

MARC

LEADER 00000cam a2200000 i 4500
001 1/6888
008 000617s1939 fre d
035 |l 10062091 
040 |a GR-MY-UA  |b gre  |e aacr 
041 0 |a fre 
082 0 |a 940.28 
100 1 |a Preclin, Edmond. 
245 1 0 |a Textes et documents d' histoire :   |b l' epoque contemporaine (1871-1914) /   |c par Edmond Preclin [et] Pierre Renouvin.  
260 |a Paris :   |b Presses Universitaires de France,   |c 1939  
300 |a vi, 255 σ. 
490 1 |a (Clio ;   |v 11) 
500 |a At head of title: "Clio"; introduction aux etudes historiques 
506 1 |a Μόνο για ανάγνωση.   |c Βρίσκεται σε κλειστή συλλογή. Διαθέσιμο εάν ζητηθεί.  
651 0 |a Europe  |x History  |x Sources. 
651 0 |a Europe  |x History  |y 1871-1914  |x Sources. 
700 1 |a Renouvin, Pierre,   |d 1893-1974. 
830 0 |a Clio (Series : Paris, France) 
852 |a INST  |b LESVOS  |e 20000617  |h 940.28 PRE  |p 005100023567  |q 005100023567  |t BK  |y 0 
909 |a Λ  |b 044362 
970 |z 2000/06/ΟΙΚΟΝΟΜΟΠΟΥΛΟΥ ΧΡΙΣΤΙΝΑ